00777nas a2200229Ia 4500001001100000003000900011008004100020040001300061040001300074041001300087100004600100210002000146222002000166245009500186250001100281260002900292501008600321300001700407362003300424500005400457650003600511R012/62187IT-RoPAU151124c99999999xx |||||||||||| ||und|| aIT-RoPAU cIT-RoPAU aITALIANO aBogani GiovannigCodice Aut. SPICS: 22040 aCINEMA & CINEMA aCinema & Cinema aCINEMA & CINEMA, ANNO 14-N.49 (GIUGNO 1987)bVirgil Nowhere. "True Stories" di David Byrne a1a ed. aMILANObINTRAPRESAc1987 bPaulus - SPICS - Società San Paolo EM (non-commercial uses only)cCopyright2015 a4 p. [68-72] aANNO 014, N.49 (GIUGNO 1987) aA Proposito del Film True Stories di David Byrne. aCINEMAvPUBBLICAZIONE PERIODICA